Ofélie Scaleová. Svět bude hořet /
Young adult dystopie ze světa, v němž je veškerá technologie mimo zákon. To se ale mnoha lidem nelíbí a všemi možnými způsoby usilují o její návrat.
Uloženo v:
| Série: | Ofélie Scaleová,
část 1 |
|---|---|
| Hlavní autor: | |
| Další autoři: | |
| Médium: | E-kniha |
| Jazyk: | Czech |
| Vydáno: |
Praha :
Dobrovský s.r.o.,
2023
|
| Edice: | King Cool
|
| Témata: | |
| Příbuzné jednotky: | Přeloženo z:
Ophelia Scale Z cyklu:: Ofélie Scaleová |
| Tagy: |
Žádné tagy |
| LEADER | 03146nam a2200565 i 4500 | ||
|---|---|---|---|
| 001 | 312161 | ||
| 003 | CZ PrSKC | ||
| 005 | 20260601215718.0 | ||
| 007 | ta | ||
| 008 | 231012s2023 xr d 000 f cze | ||
| 015 | |a cnb003555076 | ||
| 020 | |a 9788027720118 |q (brožováno) | ||
| 035 | |a (OCoLC)1420606969 | ||
| 040 | |a ABG001 |b cze |e rda | ||
| 041 | 1 | |a cze |h ger | |
| 072 | 7 | |a 821.112.2-3 |x Německá próza, německy psaná |2 Konspekt | |
| 072 | 7 | |a 821-93 |x Literatura pro děti a mládež (beletrie) |2 Konspekt | |
| 080 | |a 821.112.2-31 |2 MRF | ||
| 080 | |a 821-93-053.67 |2 MRF | ||
| 080 | |a 821-93 |2 MRF | ||
| 080 | |a (0:82-313.2) |2 MRF | ||
| 100 | 1 | |a Kiefer, Lena, |d 1984- |7 xx0308245 |4 aut | |
| 240 | 1 | 0 | |a Welt wird brennen. |l Česky |
| 245 | 1 | 0 | |a Ofélie Scaleová. |p Svět bude hořet / |c Lena Kiefer ; přeložila Romana Hájková |
| 246 | 3 | 0 | |a Svět bude hořet |
| 264 | 1 | |a Praha : |b Dobrovský s.r.o., |c 2023 | |
| 300 | |a 383 stran ; |c 20 cm | ||
| 336 | |a text |b txt |2 rdacontent | ||
| 337 | |a bez média |b n |2 rdamedia | ||
| 338 | |a svazek |b nc |2 rdacarrier | ||
| 490 | 1 | |a King Cool | |
| 500 | |a Přeloženo z němčiny | ||
| 520 | 2 | |a Young adult dystopie ze světa, v němž je veškerá technologie mimo zákon. To se ale mnoha lidem nelíbí a všemi možnými způsoby usilují o její návrat. |b Osmnáctiletá Ofélie Scaleová žije v Anglii v nepříliš vzdálené budoucnosti, kde vládne král a veškerá technologie je postavena mimo zákon. Milovnice moderní techniky a odvážná bojovnice Ofélie se přidává k odbojové skupině ReVerse, která se snaží o návrat technologie do života lidí. Díky svým fyzickým i psychickým předpokladům je vybrána, aby se přihlásila do královské tajné služby. Pokud v tvrdé konkurenci uspěje, bude moci z pozice jednoho z jeho bodyguardů krále zavraždit a tím uvolnit cestu umělé inteligenci. Když ale dorazí na hrad, bláznivě se zamiluje do tajemného Luciena - králova bratra. A Ofélie si najednou musí vybrat mezi loajalitou a zradou, láskou a nenávistí... Nakladatelská anotace. | |
| 655 | 7 | |a německé romány |7 fd132945 |2 czenas | |
| 655 | 7 | |a antiutopické romány |7 fd1151354 |2 czenas | |
| 655 | 7 | |a literatura young adult |7 fd1185572 |2 czenas | |
| 655 | 7 | |a publikace pro mládež |7 fd133157 |2 czenas | |
| 655 | 9 | |a German fiction |2 eczenas | |
| 655 | 9 | |a dystopian novels |2 eczenas | |
| 655 | 9 | |a young adult literature |2 eczenas | |
| 655 | 9 | |a juvenile literature |2 eczenas | |
| 700 | 1 | |a Hájková, Romana, |d 1968- |7 xx0302026 |4 trl | |
| 765 | 0 | |t Ophelia Scale | |
| 787 | 0 | 8 | |i Z cyklu: |t Ofélie Scaleová |g 1 |
| 830 | 0 | |a King Cool | |
| 900 | |a ABA001 |b 20 | ||
| 044 | |a xr | ||
| 910 | |a RBIT002 | ||
| 998 | |d 390203 |a https://core.palmknihy.cz/api/books/390203/cover?s32y2z |b https://core.palmknihy.cz/api/books/390203/cover/400?s32y2z |c https://core.palmknihy.cz/api/books/390203/cover/50?s32y2z |e 2029-06-02 |g 383 |i 9788027720118 |j https://core.palmknihy.cz/api/books/390203/preview.epub |k https://core.palmknihy.cz/api/books/390203/preview.pdf |l |q 49 |r 1 |s https://www.palmknihy.cz/kniha/390203 |t ebook |y 2023 |z 0 |v Ofélie Scaleová |w 1 | ||
| 999 | |d 312159 | ||